000
00300nam a22001337a 4500
008
210528b ||||| |||| 00| 0 eng d
041
_a
eng
080
_a
82
082
_a
82
100
_a
21
101
_a
GJL
245
_a
The Oxford Anthology of English Literature
_c
Kermode,F
942
_2
udc
_c
BK
999
_c
57766
_d
57766